00442nam a2200121Ia 4500008004100000024006000041082001600101100008200117245003700199260002500236600002100261650003800282250506s9999 xx 000 0 und d a01B-41-BCS3, 01B-15-BCS3, 01B-16-BCS3 & 01B-03-BCS3 a005.072 ADE aAdeel Akhtar, Muhammad Kashif Hussain, Naeem ul Haq Khan Ghouri & Irfan Malik 0aCollege Management System (CIMS) aKarachi:bUIT,c2001 aComputer Science aBachelor of Computer Science (BS)